Bibliography on technologies for drought-prone and salt-affected AEZ in SAARC countries (Record no. 43871)

MARC details
000 -LEADER
fixed length control field 00375nam a2200109Ia 4500
082 ## - DEWEY DECIMAL CLASSIFICATION NUMBER
Classification number 631.413.3
Item number ABD
245 #0 - TITLE STATEMENT
Title Bibliography on technologies for drought-prone and salt-affected AEZ in SAARC countries
260 ## - PUBLICATION, DISTRIBUTION, ETC. (IMPRINT)
Place of publication Bangladesh
Name of publisher SAARC Agricultural Information Centre(SAIC)
Year of publication 1998
700 ## - ADDED ENTRY--PERSONAL NAME
Personal name Abdullah, Mohammad
942 ## - ADDED ENTRY ELEMENTS (KOHA)
Koha item type Books
Holdings
Withdrawn status Lost status Damaged status Not for loan Home library Current library Date acquired Source of acquisition Full call number Accession Number Koha item type
        RRII Library RRII Library 16/12/2021 Gift 631.413.3 ABD G00620 Books